[Event "DEN-chT 1415 53rd"]
[Site "Denmark"]
[Date "2014.10.25"]
[Round "1.3"]
[White "Petersen, Tom Petri"]
[Black "Bank, Pelle Rodkjaer"]
[Result "1-0"]
[WhiteElo "2334"]
[BlackElo "2329"]
[PlyCount "45"]
[EventDate "2014.10.25"]
[EventType "team-tourn"]
[EventRounds "9"]
[EventCountry "DEN"]
[SourceTitle "EXT 2016"]
[Source "ChessBase"]
[SourceDate "2015.10.08"]
[SourceVersion "1"]
[SourceVersionDate "2015.10.08"]
[SourceQuality "1"]
[WhiteTeam "Nordre"]
[BlackTeam "Copenhagen 68"]
[WhiteTeamCountry "DEN"]
[BlackTeamCountry "DEN"]

1. c4 g6 2. g3 Bg7 3. Bg2 d6 4. Nc3 Nf6 5. e4 0-0 6. Nge2 e5 7. 0-0 Nbd7 8. d3 a5 9. h3 c6 10. Be3 Nh5 11. Qd2 f5 12. Rae1 a4 13. f4 Qa5 14. exf5 exf4 15. Bxf4 Nxf4 16. Nxf4 Ne5 17. fxg6 hxg6 18. Kh2 a3 19. d4 Nxc4 20. Qe2 Nxb2 21. Nxg6 Rxf1 22. Rxf1 Bd7 23. Bd5+ 1-0

[Event "Kolding Sondex Cup Gp3"]
[Site "Kolding"]
[Date "2014.05.04"]
[Round "5"]
[White "Bank, Pelle Rodkjaer"]
[Black "Hagesaether, Halvard"]
[Result "1/2-1/2"]
[WhiteElo "2273"]
[BlackElo "2266"]
[PlyCount "117"]
[EventDate "2014.05.02"]
[EventType "tourn"]
[EventRounds "5"]
[EventCountry "DEN"]
[SourceTitle "EXT 2018"]
[Source "ChessBase"]
[SourceDate "2017.10.13"]
[SourceVersion "1"]
[SourceVersionDate "2017.10.13"]
[SourceQuality "1"]

1. d4 Nf6 2. Bg5 Ne4 3. Bf4 c5 4. f3 Nf6 5. dxc5 b6 6. e4 bxc5 7. Nc3 d6 8. Bc4 Nbd7 9. Nge2 Nb6 10. Bb5+ Bd7 11. a4 a6 12. Bxd7+ Nbxd7 13. Qd2 Rb8 14. 0-0 g6 15. Bh6 Rxb2 16. Rab1 Bxh6 17. Qxh6 Rxc2 18. Rb7 Qa5 19. Rfb1 Rxc3 20. Qd2 0-0 21. Nxc3 Re8 22. R1b2 Ne5 23. Nd5 Qxa4 24. Ra2 Qc4 25. Nxe7+ Kg7 26. h4 Nd3 27. Nf5+ gxf5 28. Qg5+ Kf8 29. Qh6+ Kg8 30. Qg5+ Kf8 31. Qxf6 Qd4+ 32. Qxd4 cxd4 33. exf5 Re1+ 34. Kh2 Nc5 35. Ra7 Kg7 36. R7xa6 Nxa6 37. Rxa6 Re5 38. Rxd6 Rxf5 39. Rxd4 h5 40. Rd6 f6 41. Kg3 Kg6 42. Kf2 Rf4 43. Kg3 Ra4 44. Rd5 Ra3 45. Rd4 Rb3 46. Rf4 Rb1 47. Kh2 Rb2 48. Kh3 Rb3 49. g4 hxg4+ 50. Kxg4 Rb5 51. Rc4 Ra5 52. Rc6 Ra4+ 53. f4 Ra5 54. Rc3 Rb5 55. Rf3 f5+ 56. Kh3 Rb4 57. Rg3+ Kh6 58. Rf3 Kh5 59. Kg3 1/2-1/2